Guess the lyrics (#94) - Statistics

General Stats
  • This quiz has been taken 155 times
  • The average score is 75 of 191
Answer Stats
Answer % Correct
I
97%
the
91%
The
91%
you
89%
me
79%
we
79%
to
74%
And
71%
and
71%
be
69%
do
68%
Is
66%
when
66%
it
65%
it,
65%
on
65%
Who
64%
are
61%
so
57%
So
57%
what
57%
Why
57%
there
54%
my
53%
of
52%
that
49%
us
46%
see
43%
see?
43%
have
42%
Have
42%
know
42%
I'm
39%
many
39%
this
39%
it's
36%
its
36%
It's
36%
too
35%
All
34%
one
33%
some
32%
them
32%
but
31%
think
31%
every
28%
we'll
28%
would
28%
been
25%
I've
24%
only
24%
about
22%
look
21%
they're
21%
what's
21%
What's
21%
other
20%
said
20%
side?
20%
songs
20%
find
19%
rainbow
19%
under
19%
done
17%
La, la (etc)
17%
nothing
17%
star?
17%
lovers,
15%
rainbows
15%
Rainbows
15%
times
15%
connection,
13%
dreamers
13%
might
13%
thought
13%
we've
13%
wish
13%
wrong,
12%
believe
11%
heard
11%
same
11%
Someday
11%
someone
11%
far
9%
wait
9%
hide
8%
Somebody
8%
something
8%
told
8%
illusions,
7%
morning
7%
name
7%
spell,
7%
visions,
7%
amazing
6%
choose
6%
keeps
6%
wished
6%
young
6%
stargazing?
5%
supposed
5%
answered
4%
believed
4%
calling
4%
calls
4%
half
4%
magic
4%
voice
4%
voices?
4%
asleep
3%
probably
3%
ignore
2%
sailors?
2%
sound
2%
sweet
2%
No matching quizzes found
Score Distribution
Percent of People with Each Score
Percentile by Number Answered
Your Score History
You have not taken this quiz